Deset let poradní činnosti zemědělské v Čechách a na Moravě : výsledky a zkušenosti /

Hlavní autor: Reich, Edvard, 1885-1943
Jazyk: Čeština
Vydáno: Praha : Ústav pro zemědělskou politiku při ČAZ, 1940
Vydání: 1. vyd.
Edice: Publikace Ústavu pro zemědělskou politiku při České Akademii Zemědělské v Praze
Témata:
Fyzický popis: 46 s. ; 25 cm
Knihy
Uloženo v:
LEADER 01588nam a22003852a 4500
001 001757828
003 CZ BrMZK
005 20200917133556.0
007 ta
008 200709s1940 xr er|||||||||||cze d
015 |a cnb000757051  |z cnb000762152 
020 |q (Brož.) 
035 |a (OCoLC)85652810 
035 |a (OCoLC)85680419 
040 |a ABA001  |b cze  |c OLA001  |d ABA001  |d ABA009  |d BOA001 
072 7 |a 631  |x Zemědělství. Pedologie. Agrotechnika. Agroekologie  |2 Konspekt  |9 24 
080 |a 631  |2 MRF 
100 1 |a Reich, Edvard,  |d 1885-1943  |7 jk01102182  |4 aut 
245 1 0 |a Deset let poradní činnosti zemědělské v Čechách a na Moravě :  |b výsledky a zkušenosti /  |c napsal Edvard Reich 
250 |a 1. vyd. 
260 |a Praha :  |b Ústav pro zemědělskou politiku při ČAZ,  |c 1940 
300 |a 46 s. ;  |c 25 cm 
490 1 |a Publikace Ústavu pro zemědělskou politiku při České Akademii Zemědělské v Praze ;  |v č. 71 
504 |a Obsahuje bibliografii a bibliografické odkazy 
650 0 7 |a zemědělství  |7 ph116770  |2 czenas 
650 0 7 |a zemědělská politika  |7 ph127616  |2 czenas 
650 0 7 |a poradenství  |7 ph124359  |2 czenas 
651 7 |a Čechy (Česko)  |7 ge135869  |2 czenas 
651 7 |a Morava (Česko)  |7 ge130070  |2 czenas 
772 0 8 |i Separát ze seriálu:  |t Sborník ČAZ,  |g roč. 15, č. 4 
830 0 |a Publikace Ústavu pro zemědělskou politiku při České Akademii Zemědělské v Praze 
910 |a BOA001  |b 3-0524.980 
990 |a BK 
991 |b 202007 
996 6 |b 2618891362  |c 3-0524.980  |l MZK  |r Sklad / do 1 hodiny  |n 0  |w 001812676  |u 000010  |a 1  |e BOA001  |j MZK50  |s P